| 000 | 00612nam a2200181 a 4500 | ||
|---|---|---|---|
| 005 | 20220615133937.0 | ||
| 008 | 991125s1965 mx 000 0 spa u | ||
| 035 | _aUPN01000045297 | ||
| 049 | _aCG | ||
| 050 | 4 |
_aPQ7257 _bP6.4 |
|
| 245 | 0 | 3 |
_aLa poesía mexicana del siglo XIX : _bantología / _cnotas, selec. y resumen cronológico de José Emilio Pacheco. |
| 260 |
_aMéxico : _bEmpresas Editoriales, _c1965. |
||
| 300 | _a538 p. | ||
| 650 | 2 |
_aPoesía mexicana _vColecciones _91274 |
|
| 650 | 4 |
_aPOESIA MODERNA - _ySIGLO XIX _91301 |
|
| 700 | 1 |
_aPacheco, José Emilio, _d1939-2014 _ecomp. _928583 |
|
| 905 | _aLibro | ||
| 999 |
_c45297 _d45297 |
||